[Event "Lesnica Pieniny op"]
[Site "Lesnica"]
[Date "2024.03.23"]
[Round "4"]
[White "Sandor, Maros"]
[Black "Lajdamik, Kinga"]
[Result "1-0"]
[WhiteElo "1863"]
[BlackElo "1759"]
[PlyCount "85"]
[EventDate "2024.03.21"]
[EventType "swiss"]
[EventRounds "7"]
[EventCountry "SVK"]
[SourceTitle "CB13_2024"]
[SourceDate "2024.03.27"]
[SourceVersion "1"]
[SourceVersionDate "2024.03.27"]
[SourceQuality "1"]

1. b3 Nf6 2. Bb2 e6 3. Nf3 b6 4. g3 Bb7 5. Bg2 Be7 6. c4 0-0 7. d3 d5 8. 0-0 c5 9. Ne5 Nbd7 10. Qc2 Qc7 11. Nxd7 Nxd7 12. cxd5 exd5 13. d4 Rac8 14. Rc1 Bf6 15. Na3 Qb8 16. Qf5 Rfd8 17. e3 Nf8 18. Rc2 cxd4 19. Bxd4 Bxd4 20. exd4 Ne6 21. Qd3 Qd6 22. Rxc8 Rxc8 23. Nc2 a5 24. Ne3 g6 25. h4 f5 26. f4 Kh8 27. Rd1 Qd7 28. h5 Kg7 29. Kf2 Re8 30. Rh1 Rf8 31. a3 Qd6 32. b4 axb4 33. axb4 Qxb4 34. h6+ Kh8 35. Rb1 Qxd4 36. Qxd4+ Nxd4 37. Rxb6 Bc6 38. Bxd5 Bxd5 39. Nxd5 Kg8 40. Rb7 Rf7 41. Ne7+ Kf8 42. Nxg6+ hxg6 43. h7 1-0

[Event "POL-ch Blitz U18 Girls"]
[Site "Bydgoszcz"]
[Date "2023.08.31"]
[Round "7"]
[White "Pajak, Patrycja"]
[Black "Lajdamik, Kinga"]
[Result "0-1"]
[WhiteElo "1084"]
[BlackElo "1501"]
[PlyCount "126"]
[EventDate "2023.08.28"]
[EventType "swiss"]
[EventRounds "9"]
[EventCountry "POL"]
[SourceTitle "EXT 2024"]
[Source "ChessBase"]
[SourceDate "2023.10.10"]
[SourceVersion "1"]
[SourceVersionDate "2023.10.10"]
[SourceQuality "1"]

1. e4 e5 2. Nf3 Nc6 3. Bb5 a6 4. Ba4 Nf6 5. 0-0 Be7 6. Re1 b5 7. Bb3 0-0 8. d3 d6 9. h3 Na5 10. Be3 c5 11. a4 Nxb3 12. cxb3 b4 13. Nbd2 a5 14. Nc4 Qc7 15. Bg5 Bb7 16. Bxf6 Bxf6 17. Qc2 Rfe8 18. Rac1 Be7 19. Nfd2 Bf6 20. Ne3 Bg5 21. Ndc4 Rad8 22. Qe2 g6 23. Qg4 Bf6 24. Nf5 Kh8 25. Nfe3 Bg7 26. Nd5 Bxd5 27. exd5 f5 28. Qf3 Bh6 29. Rc2 Bg7 30. Rce2 Re7 31. g3 Rde8 32. Qg2 Rf8 33. f4 Rfe8 34. fxe5 Bxe5 35. Nxe5 Rxe5 36. Rxe5 dxe5 37. Qf3 Qd6 38. Qg2 Rd8 39. Qe2 Qxd5 40. Qxe5+ Qxe5 41. Rxe5 Rxd3 42. Rxc5 Rxg3+ 43. Kh2 Rxb3 44. Rxa5 Rxb2+ 45. Kg3 b3 46. Rb5 Ra2 47. Rxb3 Rxa4 48. Rf3 Kg7 49. Rc3 Re4 50. Rc7+ Kh6 51. Rc3 Kg5 52. Kg2 Kh4 53. Kh2 Re2+ 54. Kg1 g5 55. Kf1 Rh2 56. Rc7 h5 57. Rc5 f4 58. Rc8 Kxh3 59. Rh8 h4 60. Rg8 g4 61. Rf8 f3 62. Rf4 Kg3 63. Rb4 Rh1# 0-1

[Event "POL-ch Blitz U18 Girls"]
[Site "Bydgoszcz"]
[Date "2023.08.31"]
[Round "3"]
[White "Rzadkowska, Kaja"]
[Black "Lajdamik, Kinga"]
[Result "0-1"]
[WhiteElo "1313"]
[BlackElo "1501"]
[PlyCount "130"]
[EventDate "2023.08.28"]
[EventType "swiss"]
[EventRounds "9"]
[EventCountry "POL"]
[SourceTitle "EXT 2024"]
[Source "ChessBase"]
[SourceDate "2023.10.10"]
[SourceVersion "1"]
[SourceVersionDate "2023.10.10"]
[SourceQuality "1"]

1. e4 c6 2. d4 d5 3. Nc3 dxe4 4. Nxe4 Nf6 5. Nxf6+ gxf6 6. Nf3 Bg4 7. Be2 e6 8. 0-0 Bd6 9. c4 Qc7 10. g3 Bh3 11. Re1 Nd7 12. Rb1 0-0-0 13. Be3 Kb8 14. b4 Ka8 15. c5 Be7 16. b5 e5 17. b6 Qc8 18. Qa4 Qb8 19. bxa7 Qxa7 20. Qxa7+ Kxa7 21. Rb3 exd4 22. Bxd4 Bxc5 23. Bxc5+ Nxc5 24. Ra3+ Kb8 25. Rc1 Ne6 26. Bf1 Bg4 27. Nh4 f5 28. h3 Bh5 29. Ra4 Bg6 30. Rc3 Rd7 31. Rca3 Kc7 32. Ra7 Rb8 33. Ba6 Nc5 34. Bf1 Kd8 35. R7a5 b6 36. Ra7 Rxa7 37. Rxa7 Rb7 38. Ra8+ Ke7 39. Nxg6+ hxg6 40. Rh8 Ra7 41. Bc4 b5 42. Bb3 Nxb3 43. axb3 Ra3 44. b4 Rb3 45. Rb8 Rxb4 46. Rb7+ Kf6 47. Kg2 Rc4 48. Rb6 b4 49. Kf1 Ke5 50. Ke2 c5 51. Kd3 Rc3+ 52. Kd2 Ra3 53. Rb5 Kd4 54. Rb8 Ra2+ 55. Ke1 Kd3 56. Rd8+ Kc3 57. Rd1 b3 58. Rc1+ Kb4 59. Kd1 b2 60. Rb1 c4 61. Kc2 c3 62. f3 Ra1 63. Rxa1 bxa1Q 64. Kd3 Qd1+ 65. Ke3 Qd2# 0-1

[Event "POL-ch Rapid U18 Girls"]
[Site "Bydgoszcz"]
[Date "2023.08.29"]
[Round "5"]
[White "Ejsymont, Blanka"]
[Black "Lajdamik, Kinga"]
[Result "1-0"]
[WhiteElo "1521"]
[BlackElo "1579"]
[PlyCount "73"]
[EventDate "2023.08.28"]
[EventType "swiss"]
[EventRounds "11"]
[EventCountry "POL"]
[SourceTitle "EXT 2024"]
[Source "ChessBase"]
[SourceDate "2023.10.10"]
[SourceVersion "1"]
[SourceVersionDate "2023.10.10"]
[SourceQuality "1"]

1. e4 e5 2. Nf3 Nc6 3. d4 exd4 4. Bc4 Nf6 5. e5 d5 6. Bb5 Ne4 7. Nxd4 Bd7 8. Bxc6 bxc6 9. 0-0 Bc5 10. f3 Ng5 11. f4 Ne4 12. Be3 Bb6 13. Nd2 Nxd2 14. Qxd2 c5 15. Nb3 d4 16. Bf2 Bc6 17. c4 0-0 18. Nc1 Qe7 19. Nd3 Qe6 20. b3 Qg6 21. Bg3 Be4 22. Rad1 a5 23. a3 a4 24. b4 Bxd3 25. Qxd3 Qc6 26. b5 Qd7 27. f5 f6 28. e6 Qe7 29. Bf4 Rfc8 30. Qe4 Ba5 31. Rf3 Kh8 32. Rh3 Rd8 33. Qf3 Kg8 34. Qh5 h6 35. Qg4 Kf8 36. Rxh6 Ke8 37. Qg6+ 1-0

[Event "POL-ch Rapid U18 Girls"]
[Site "Bydgoszcz"]
[Date "2023.08.29"]
[Round "3"]
[White "Mamak, Malgorzata"]
[Black "Lajdamik, Kinga"]
[Result "0-1"]
[WhiteElo "1288"]
[BlackElo "1579"]
[PlyCount "68"]
[EventDate "2023.08.28"]
[EventType "swiss"]
[EventRounds "11"]
[EventCountry "POL"]
[SourceTitle "EXT 2024"]
[Source "ChessBase"]
[SourceDate "2023.10.10"]
[SourceVersion "1"]
[SourceVersionDate "2023.10.10"]
[SourceQuality "1"]

1. d4 Nf6 2. c4 e6 3. Nc3 Bb4 4. Qc2 d6 5. Bg5 Bxc3+ 6. Qxc3 Nbd7 7. Qg3 h6 8. Bxf6 Qxf6 9. Nf3 b6 10. e3 Bb7 11. Be2 0-0 12. 0-0 Qe7 13. Bd3 e5 14. dxe5 dxe5 15. e4 Rfe8 16. Nh4 Nc5 17. Bc2 Nxe4 18. Bxe4 Bxe4 19. f3 Bd3 20. Rfc1 Qg5 21. Rc3 Rad8 22. Rd1 Bh7 23. Rxd8 Rxd8 24. f4 Qxf4 25. Qxf4 exf4 26. c5 g5 27. Nf3 Kg7 28. cxb6 cxb6 29. Rc7 a5 30. Rb7 Rd6 31. Ne5 Bg6 32. Nc4 Rd1+ 33. Kf2 Bd3 34. Nxb6 Rf1# 0-1

[Event "POL-chT U18 1st"]
[Site "Poland"]
[Date "2022.06.25"]
[Round "1.6"]
[White "Duda, Aleksandra"]
[Black "Lajdamik, Kinga"]
[Result "1-0"]
[WhiteElo "1371"]
[BlackElo "1507"]
[PlyCount "93"]
[EventDate "2022.06.25"]
[EventType "team-swiss"]
[EventRounds "9"]
[EventCountry "POL"]
[SourceTitle "EXT 2023"]
[Source "ChessBase"]
[SourceDate "2022.10.05"]
[SourceVersion "1"]
[SourceVersionDate "2022.10.05"]
[SourceQuality "1"]
[WhiteTeam "Katowice Hetman Szopienice"]
[BlackTeam "Czerwionka Leszczyny Skoczek"]
[WhiteTeamCountry "POL"]
[BlackTeamCountry "POL"]

1. c4 e5 2. Nc3 Nf6 3. e3 Be7 4. d4 exd4 5. exd4 0-0 6. Nf3 d5 7. Be3 Re8 8. Bd3 b6 9. 0-0 dxc4 10. Bxc4 Bd6 11. Qb3 Be6 12. Bxe6 Rxe6 13. h3 h6 14. Rac1 a6 15. Rfd1 Nbd7 16. d5 Re8 17. Nd4 Nc5 18. Qc2 Nb7 19. Nc6 Qd7 20. Bd4 Nh7 21. Ne2 Ng5 22. Qd3 Ne4 23. Nc3 Nxc3 24. Qxc3 Nc5 25. b4 Ne4 26. Qb2 Bf4 27. Be3 Qd6 28. Bxf4 Qxf4 29. Rd3 Qg5 30. Rcd1 Qf5 31. Rf3 Qh5 32. Qd4 Nd6 33. Rfd3 Re4 34. Qb2 Rae8 35. Qc1 Re2 36. R3d2 Qf5 37. Rf1 Kh8 38. Nd4 Qh5 39. Nxe2 Rxe2 40. Rxe2 Qxe2 41. Qxc7 Qe5 42. Qxb6 Qxd5 43. Qxa6 Nf5 44. Qc8+ Kh7 45. Qc5 Qe4 46. b5 Nh4 47. Qc6 1-0

[Event "Jastrzebie Zdroj op 4th"]
[Site "Jastrzebie Zdroj"]
[Date "2021.11.08"]
[Round "3"]
[White "Mika, Adrian"]
[Black "Lajdamik, Kinga"]
[Result "0-1"]
[WhiteElo "1006"]
[BlackElo "1307"]
[PlyCount "58"]
[EventDate "2021.11.07"]
[EventType "swiss"]
[EventRounds "9"]
[EventCountry "POL"]
[SourceTitle "CBM 205 Extra"]
[Source "ChessBase"]
[SourceDate "2022.01.31"]
[SourceVersion "1"]
[SourceVersionDate "2022.01.31"]
[SourceQuality "1"]

1. e4 c6 2. d4 d5 3. exd5 cxd5 4. Nc3 Nc6 5. Nf3 Bg4 6. Be3 e6 7. Be2 Bb4 8. 0-0 Nge7 9. h3 Bh5 10. Qd3 Bg6 11. Qd1 0-0 12. Bd3 Nf5 13. Bxf5 Bxf5 14. a3 Bxc3 15. bxc3 Rc8 16. Rb1 Na5 17. Bd2 b6 18. Re1 Nc4 19. Ne5 Nxa3 20. Ra1 Qe7 21. Re2 Nxc2 22. Ra2 Na3 23. Bc1 Nb5 24. Qa4 Nxc3 25. Ba3 Qb7 26. Qb3 Nxe2+ 27. Rxe2 Rfe8 28. Qg3 Bg6 29. h4 Qc7 0-1

[Event "Jastrzebie Zdroj op 4th"]
[Site "Jastrzebie Zdroj"]
[Date "2021.11.07"]
[Round "2"]
[White "Lajdamik, Kinga"]
[Black "Tomanec, Samuel"]
[Result "0-1"]
[WhiteElo "1307"]
[BlackElo "1464"]
[PlyCount "64"]
[EventDate "2021.11.07"]
[EventType "swiss"]
[EventRounds "9"]
[EventCountry "POL"]
[SourceTitle "CBM 205 Extra"]
[Source "ChessBase"]
[SourceDate "2022.01.31"]
[SourceVersion "1"]
[SourceVersionDate "2022.01.31"]
[SourceQuality "1"]

1. e4 e5 2. Nf3 Nc6 3. Bb5 Bc5 4. 0-0 Qf6 5. c3 Nge7 6. h3 h6 7. d3 a6 8. Ba4 b5 9. Bb3 0-0 10. Be3 Bxe3 11. fxe3 Qg6 12. Qe2 d6 13. Kh1 Be6 14. Nbd2 Bxb3 15. Nxb3 Rad8 16. Nh4 Qg3 17. Nf5 Nxf5 18. exf5 g6 19. e4 a5 20. Rad1 a4 21. Nd2 b4 22. Rf3 Qg5 23. Re3 a3 24. Nf1 axb2 25. Rg3 Qc1 26. Nd2 bxc3 27. Nb3 Nd4 28. Nxd4 b1Q 29. Rxc1 Qxc1+ 30. Kh2 exd4 31. Qh5 Qf4 32. a4 c2 0-1

[Event "EU-ch Hybrid U10 Girls"]
[Site "Tornelo INT"]
[Date "2021.10.15"]
[Round "3"]
[White "Lajdamik, Kinga"]
[Black "Bashirli, Saadat"]
[Result "1/2-1/2"]
[WhiteElo "1367"]
[BlackElo "1284"]
[PlyCount "103"]
[EventDate "2021.10.15"]
[EventType "swiss"]
[EventRounds "9"]
[EventCountry "NET"]
[SourceTitle "EXT 2023"]
[Source "ChessBase"]
[SourceDate "2022.10.05"]
[SourceVersion "1"]
[SourceVersionDate "2022.10.05"]
[SourceQuality "1"]
[WhiteTeam "Poland"]
[BlackTeam "Azerbaijan"]
[WhiteTeamCountry "POL"]
[BlackTeamCountry "AZE"]

1. e4 c5 2. Nf3 g6 3. d4 cxd4 4. Qxd4 Nf6 5. Nc3 Nc6 6. Qa4 d6 7. e5 dxe5 8. Nxe5 Bd7 9. Nxd7 Qxd7 10. Be3 Bg7 11. Rd1 Qc8 12. Be2 0-0 13. 0-0 Rd8 14. Qh4 Qf5 15. Rc1 Ne5 16. h3 Qe6 17. Kh1 Qc6 18. Qb4 Bf8 19. f4 Ned7 20. Bf3 Qe6 21. Rfe1 Qd6 22. Qxd6 exd6 23. Bxb7 Rab8 24. Bf3 Rxb2 25. Bxa7 Rc8 26. Bd4 Rb4 27. Red1 Rxd4 28. Rxd4 Rxc3 29. a4 Ra3 30. Bc6 Nc5 31. Kh2 Bh6 32. g3 Nh5 33. Rg1 Ra2 34. Rg2 Ne6 35. Bd5 Ra1 36. Bxe6 fxe6 37. Re2 Kf7 38. Rb4 Ra3 39. Rg2 Ra1 40. h4 Nf6 41. Rb7+ Kg8 42. Ra7 e5 43. fxe5 dxe5 44. Re2 Rf1 45. Kg2 Rc1 46. Rxe5 Rxc2+ 47. Kh3 Bf8 48. Ra6 Nh5 49. Re3 Rc1 50. Rf3 Rc8 51. Ra7 Bd6 52. Rd3 1/2-1/2

[Event "EU-ch Hybrid U10 Girls"]
[Site "Tornelo INT"]
[Date "2021.10.15"]
[Round "6"]
[White "Lajdamik, Kinga"]
[Black "Semenova, Vasilisa"]
[Result "1/2-1/2"]
[WhiteElo "1367"]
[BlackElo "1305"]
[PlyCount "108"]
[EventDate "2021.10.15"]
[EventType "swiss"]
[EventRounds "9"]
[EventCountry "NET"]
[SourceTitle "EXT 2023"]
[Source "ChessBase"]
[SourceDate "2022.10.05"]
[SourceVersion "1"]
[SourceVersionDate "2022.10.05"]
[SourceQuality "1"]
[WhiteTeam "Poland"]
[BlackTeam "Russia"]
[WhiteTeamCountry "POL"]
[BlackTeamCountry "RUS"]

1. e4 c6 2. d4 d5 3. exd5 cxd5 4. Bd3 Nc6 5. c3 Nf6 6. Bf4 Bg4 7. Ne2 e6 8. 0-0 Be7 9. Re1 0-0 10. Qd2 a6 11. Ng3 Bh5 12. Qe3 Bg6 13. Bxg6 hxg6 14. Qd3 b5 15. Nd2 Qb6 16. Nf3 Rac8 17. Ne5 Nxe5 18. Bxe5 Nd7 19. Bf4 Bf6 20. Nf1 b4 21. Nd2 bxc3 22. bxc3 Qa5 23. Bd6 Rfd8 24. Bb4 Qa4 25. Nb3 Re8 26. f4 Be7 27. Ba5 Bd8 28. Qxa6 Bxa5 29. Qxa5 Qxa5 30. Nxa5 Rxc3 31. Nb3 Nb6 32. Rec1 Rec8 33. Kf2 Rxc1 34. Rxc1 Ra8 35. Ra1 Ra3 36. Ke2 Nc4 37. Kd3 Na5 38. Rb1 Rxa2 39. Nxa5 Rxa5 40. Rb8+ Kh7 41. Rb7 Ra3+ 42. Ke2 Ra4 43. Ke3 Ra2 44. Rxf7 Rxg2 45. Re7 Rxh2 46. Rxe6 Rh3+ 47. Ke2 Rh5 48. Re5 Kg8 49. Kf3 Kf7 50. Kg4 Kf6 51. Re3 Rf5 52. Re5 Rh5 53. Re3 Rh8 54. Re5 Rh5 1/2-1/2

[Event "EU-ch Hybrid U10 Girls"]
[Site "Tornelo INT"]
[Date "2021.10.15"]
[Round "4"]
[White "Sultanova, Kristina"]
[Black "Lajdamik, Kinga"]
[Result "1-0"]
[WhiteElo "1293"]
[BlackElo "1367"]
[PlyCount "81"]
[EventDate "2021.10.15"]
[EventType "swiss"]
[EventRounds "9"]
[EventCountry "NET"]
[SourceTitle "EXT 2023"]
[Source "ChessBase"]
[SourceDate "2022.10.05"]
[SourceVersion "1"]
[SourceVersionDate "2022.10.05"]
[SourceQuality "1"]
[WhiteTeam "Russia"]
[BlackTeam "Poland"]
[WhiteTeamCountry "RUS"]
[BlackTeamCountry "POL"]

1. e4 c6 2. d4 d5 3. exd5 cxd5 4. c4 Nf6 5. Nc3 e6 6. Nf3 Bb4 7. Bg5 h6 8. Bh4 Qa5 9. Bxf6 Bxc3+ 10. bxc3 Qxc3+ 11. Nd2 gxf6 12. Rc1 Qxd4 13. cxd5 Nd7 14. dxe6 Qe5+ 15. Be2 fxe6 16. 0-0 0-0 17. Bf3 Qd6 18. Rb1 Nb6 19. Ne4 Qxd1 20. Rfxd1 Rb8 21. Nc5 e5 22. a4 Kh8 23. Rb4 Na8 24. Na6 bxa6 25. Rxb8 Nb6 26. a5 Na4 27. Rc1 Kg7 28. Rbxc8 Rf7 29. R8c7 Rxc7 30. Rxc7+ Kg6 31. Rc2 f5 32. Bc6 Nb6 33. axb6 axb6 34. Ra2 a5 35. Rb2 b5 36. Bxb5 e4 37. Ra2 e3 38. fxe3 f4 39. exf4 h5 40. Rxa5 h4 41. Bd3+ 1-0

[Event "Wch-ch U08 Girls rapid"]
[Site "Minsk"]
[Date "2019.08.17"]
[Round "5"]
[White "Bausheva, Angelina"]
[Black "Lajdamik, Kinga"]
[Result "1/2-1/2"]
[WhiteElo "1106"]
[BlackElo "1242"]
[PlyCount "191"]
[EventDate "2019.08.16"]
[EventType "swiss (rapid)"]
[EventRounds "9"]
[EventCountry "BLR"]
[SourceTitle "EXT 2020"]
[Source "ChessBase"]
[SourceDate "2019.10.17"]
[SourceVersion "1"]
[SourceVersionDate "2019.10.17"]
[SourceQuality "1"]

1. e4 c6 2. d4 d5 3. Nc3 dxe4 4. Nxe4 Nf6 5. Nxf6+ exf6 6. Nf3 Bg4 7. Be3 Bb4+ 8. c3 Be7 9. Bd3 0-0 10. Qc2 Bxf3 11. gxf3 g6 12. h4 f5 13. h5 Kh8 14. hxg6 fxg6 15. 0-0-0 Nd7 16. Rh3 Nf6 17. Rdh1 Nh5 18. f4 Rf7 19. Qb3 Qf8 20. Bc4 Rg7 21. d5 Bf6 22. Be2 cxd5 23. Bxh5 gxh5 24. Rxh5 d4 25. Bxd4 Bxd4 26. cxd4 Qg8 27. Qxg8+ Kxg8 28. Rg5 Rxg5 29. fxg5 Rd8 30. Rh4 Kg7 31. Kd2 Kg6 32. f4 Rxd4+ 33. Kc3 Re4 34. Kd3 b6 35. b3 b5 36. Kc3 a5 37. a3 b4+ 38. axb4 Rxb4 39. Kc2 a4 40. bxa4 Rxa4 41. Kd3 Re4 42. Kc3 Ra4 43. Rh6+ Kg7 44. Rh4 Kg6 45. Kb3 Re4 46. Kc2 Rc4+ 47. Kd2 Rd4+ 48. Kc3 Re4 49. Kd3 Ra4 50. Ke2 Ra2+ 51. Kf3 Ra3+ 52. Ke2 Ra2+ 53. Kd3 Ra3+ 54. Kc4 Ra4+ 55. Kd5 Re4 56. Kd6 Rd4+ 57. Ke7 Kg7 58. Ke6 Kg6 59. Rh6+ Kg7 60. Kxf5 Rd5+ 61. Kg4 Rd4 62. Kf3 Ra4 63. f5 Ra3+ 64. Ke4 Ra5 65. f6+ Kg8 66. Kf4 Rb5 67. Kg4 Rc5 68. Kh5 Rb5 69. Kg4 Rb4+ 70. Kf5 Rb5+ 71. Kg4 Rb4+ 72. Kg3 Rb3+ 73. Kf4 Rb4+ 74. Ke3 Rg4 75. Rh5 Ra4 76. Kf3 Ra3+ 77. Ke4 Ra4+ 78. Kf5 Ra5+ 79. Ke6 Ra6+ 80. Kd7 Ra7+ 81. Kc8 Ra8+ 82. Kb7 Ra5 83. Kc6 Ra6+ 84. Kd5 Ra5+ 85. Ke6 Ra6+ 86. Kd7 Ra7+ 87. Ke8 Ra8+ 88. Ke7 Ra7+ 89. Kd6 Ra6+ 90. Kc7 Ra7+ 91. Kb6 Ra4 92. Rh1 Rg4 93. Rf1 Rxg5 94. f7+ Kf8 95. Rh1 Kxf7 96. Rxh7+ 1/2-1/2

[Event "Wch-ch U08 Girls rapid"]
[Site "Minsk"]
[Date "2019.08.17"]
[Round "8"]
[White "Lajdamik, Kinga"]
[Black "Asachenko, Ksenia"]
[Result "1-0"]
[WhiteElo "1242"]
[BlackElo "1169"]
[PlyCount "107"]
[EventDate "2019.08.16"]
[EventType "swiss (rapid)"]
[EventRounds "9"]
[EventCountry "BLR"]
[SourceTitle "EXT 2020"]
[Source "ChessBase"]
[SourceDate "2019.10.17"]
[SourceVersion "1"]
[SourceVersionDate "2019.10.17"]
[SourceQuality "1"]

1. e4 c5 2. d4 cxd4 3. c3 dxc3 4. Nxc3 Nc6 5. Nf3 d6 6. Bc4 e6 7. 0-0 Nf6 8. Bf4 Be7 9. Qc2 Bd7 10. Rad1 e5 11. Be3 a6 12. h3 0-0 13. Rd2 Qc7 14. Rfd1 Nb4 15. Qb3 a5 16. a4 Rac8 17. Bd5 Nbxd5 18. Nxd5 Nxd5 19. exd5 e4 20. Ne1 Bd8 21. Rc2 Qb8 22. Rcd2 b5 23. axb5 Qxb5 24. Qxb5 Bxb5 25. Rd4 f5 26. R4d2 Bf6 27. Bd4 Bg5 28. Be3 Bxe3 29. fxe3 a4 30. Nc2 Rc5 31. Na3 Ba6 32. Rd4 Rfc8 33. Rxa4 Be2 34. Re1 Rc1 35. Rxc1 Rxc1+ 36. Kh2 Rd1 37. Ra5 Rd3 38. Nc4 Rb3 39. Nxd6 h6 40. Nxf5 Rxb2 41. d6 Bf3 42. Kg3 Rxg2+ 43. Kf4 g5+ 44. Ke5 Kf7 45. Nxh6+ Kg6 46. Nf5 Rh2 47. d7 Rd2 48. Rd5 Rxd5+ 49. Kxd5 Bg2 50. d8Q Bxh3 51. Ne7+ Kf7 52. Kd6 g4 53. Qg8+ Kf6 54. Qg6# 1-0

[Event "Wch-ch U08 Girls rapid"]
[Site "Minsk"]
[Date "2019.08.16"]
[Round "3"]
[White "Izafatava, Kira"]
[Black "Lajdamik, Kinga"]
[Result "1-0"]
[WhiteElo "1111"]
[BlackElo "1242"]
[PlyCount "109"]
[EventDate "2019.08.16"]
[EventType "swiss (rapid)"]
[EventRounds "9"]
[EventCountry "BLR"]
[SourceTitle "EXT 2020"]
[Source "ChessBase"]
[SourceDate "2019.10.17"]
[SourceVersion "1"]
[SourceVersionDate "2019.10.17"]
[SourceQuality "1"]

1. e4 d5 2. exd5 Nf6 3. Nc3 Nxd5 4. Nxd5 Qxd5 5. Nf3 Bg4 6. Be2 Nc6 7. 0-0 Qd7 8. d4 0-0-0 9. c3 h5 10. b4 f5 11. b5 Nb8 12. Ne5 Bxe2 13. Qxe2 Qe6 14. a4 h4 15. a5 Qd5 16. f3 h3 17. g3 Rg8 18. b6 a6 19. bxc7 Kxc7 20. Qb2 g5 21. Qb6+ Kc8 22. Rf2 Rd6 23. Qb4 Bg7 24. Bxg5 Bxe5 25. dxe5 Rdg6 26. f4 Nc6 27. Qb2 e6 28. Rd2 Qc5+ 29. Kh1 R8g7 30. Qb6 Qxb6 31. axb6 Rg8 32. Rad1 R6g7 33. Bf6 Rf7 34. Rd6 a5 35. Rxe6 Rd7 36. Rxd7 Kxd7 37. Rd6+ Kc8 38. Kg1 Rf8 39. Kf2 Rg8 40. Ke3 Rxg3+ 41. hxg3 h2 42. Rd1 a4 43. Rh1 a3 44. Rxh2 a2 45. Rxa2 Kd7 46. Ra7 Ke8 47. Rxb7 Ne7 48. Rxe7+ Kd8 49. Kd4 Kc8 50. b7+ Kb8 51. Kc5 Ka7 52. Kc6 Kb8 53. Re8+ Ka7 54. b8Q+ Ka6 55. Qb6# 1-0

[Event "EU-ch U08 Girls 28th"]
[Site "Riga"]
[Date "2018.08.29"]
[Round "9"]
[White "Lajdamik, Kinga"]
[Black "Iudina, Veronika"]
[Result "1/2-1/2"]
[WhiteElo "1072"]
[BlackElo "1194"]
[PlyCount "196"]
[EventDate "2018.08.20"]
[EventType "swiss"]
[EventRounds "9"]
[EventCountry "LAT"]
[SourceTitle "CBM 186 Extra"]
[Source "ChessBase"]
[SourceDate "2018.08.24"]
[SourceVersion "1"]
[SourceVersionDate "2018.08.24"]
[SourceQuality "1"]

1. d4 g6 2. Nc3 Bg7 3. e4 d6 4. h3 a6 5. Bc4 e6 6. Nf3 b5 7. Bb3 Bb7 8. a3 Nd7 9. Bg5 Ne7 10. Qd2 0-0 11. 0-0 e5 12. d5 Nf6 13. Rfe1 Qd7 14. Ba2 Rad8 15. b4 Rc8 16. Re3 h6 17. Bxf6 Bxf6 18. Rd3 Bg7 19. Nh2 Kh7 20. Rg3 f5 21. exf5 Nxf5 22. Rg4 Nd4 23. Qd3 Qf5 24. Ne4 Qf7 25. c3 Nf5 26. Bb3 Rcd8 27. Nf3 Bf6 28. a4 bxa4 29. Rxa4 Qe7 30. Nxf6+ Qxf6 31. Rc4 Qf7 32. Re4 Ne7 33. Rh4 Kg7 34. c4 Bc8 35. Qd2 g5 36. Re4 Qf5 37. Bc2 Qf6 38. Re3 Nf5 39. Qd3 Rf7 40. Re2 Ne7 41. Qd2 Bxh3 42. Nxe5 dxe5 43. gxh3 Re8 44. Qd3 Ng6 45. Qxg6+ Qxg6 46. Bxg6 Kxg6 47. Rxa6+ Rf6 48. Rxf6+ Kxf6 49. Re4 Rd8 50. Kg2 Kf5 51. f3 h5 52. h4 g4 53. Kg3 Ra8 54. Re3 Ra4 55. Rb3 gxf3 56. Kxf3 Ra1 57. b5 Rc1 58. Rb4 Rc3+ 59. Ke2 Ke4 60. c5+ Kxd5 61. c6 Rc5 62. Kd3 e4+ 63. Kd2 Kd6 64. Ke3 Kd5 65. Rd4+ Ke5 66. Rxe4+ Kd6 67. Rb4 Ke5 68. Kd3 Kd5 69. Kd2 Ke5 70. Ke3 Rc3+ 71. Kd2 Rc5 72. Kd3 Kd5 73. Rd4+ Ke5 74. Rd7 Rxb5 75. Rxc7 Rc5 76. Ke3 Rc3+ 77. Kf2 Rc2+ 78. Ke3 Rc3+ 79. Kd2 Rc5 80. Rc8 Kd6 81. Ke3 Ke5 82. c7 Kd6 83. Kd4 Rd5+ 84. Kc4 Rc5+ 85. Kb4 Re5 86. Ka4 Rc5 87. Kb4 Re5 88. Kc4 Rc5+ 89. Kd4 Rd5+ 90. Ke4 Rc5 91. Kf4 Ke7 92. Rh8 Rxc7 93. Rxh5 Kf6 94. Rf5+ Kg6 95. h5+ Kh6 96. Ke4 Rc4+ 97. Kd5 Rh4 98. Rf6+ Kxh5 1/2-1/2